Normal view
MARC view
- القانون الاداري -- القرارات الادارية -- الخدمة المدنية
Entry Topical Term
001 - CONTROL NUMBER
- control field: 11673
003 - CONTROL NUMBER IDENTIFIER
- control field: JO-AjAnu
005 - DATE AND TIME OF LATEST TRANSACTION
- control field: 20230606072155.0
008 - FIXED-LENGTH DATA ELEMENTS
- fixed length control field: 230606|| aca||aabn | a|a d
040 ## - CATALOGING SOURCE
- Original cataloging agency: JO-AjAnu
- Transcribing agency: JO-AjAnu
150 ## - HEADING--TOPICAL TERM
- Topical term or geographic name entry element: القانون الاداري -- القرارات الادارية -- الخدمة المدنية
670 ## - SOURCE DATA FOUND
- Source citation: Work cat.: (JO-AjAnu)6014: كنعان ، نواف , author 11672, القانون الإداري : الكتاب الأول